Surface water-quality modeling / (Record no. 330577)

000 -LEADER
fixed length control field 01356cam a2200301 a 4500
001 - CONTROL NUMBER
control field 2578821
003 - CONTROL NUMBER IDENTIFIER
control field NUST
005 - DATE AND TIME OF LATEST TRANSACTION
control field 20170720164253.0
008 - FIXED-LENGTH DATA ELEMENTS--GENERAL INFORMATION
fixed length control field 960321s1997 nyua b 001 0 eng
010 ## - LIBRARY OF CONGRESS CONTROL NUMBER
LC control number 96015461
020 ## - INTERNATIONAL STANDARD BOOK NUMBER
International Standard Book Number 9781577666059 (alk. paper)
040 ## - CATALOGING SOURCE
Original cataloging agency DLC
Transcribing agency DLC
Modifying agency DLC
050 00 - LIBRARY OF CONGRESS CALL NUMBER
Classification number TD365
Item number .C48 1997
082 00 - DEWEY DECIMAL CLASSIFICATION NUMBER
Classification number 624 CHA
Edition number 20
100 1# - MAIN ENTRY--PERSONAL NAME
Personal name Chapra, Steven C.
9 (RLIN) 132
245 10 - TITLE STATEMENT
Title Surface water-quality modeling /
Statement of responsibility, etc. Steven C. Chapra.
260 ## - PUBLICATION, DISTRIBUTION, ETC.
Place of publication, distribution, etc. New York :
Name of publisher, distributor, etc. McGraw-Hill,
Date of publication, distribution, etc. c1997.
300 ## - PHYSICAL DESCRIPTION
Extent xix, 844 p. :
Other physical details ill. ;
Dimensions 25 cm.
440 #0 - SERIES STATEMENT/ADDED ENTRY--TITLE
Title McGraw-Hill series in water resources and environmental engineering
9 (RLIN) 2106
500 ## - GENERAL NOTE
General note P.B
504 ## - BIBLIOGRAPHY, ETC. NOTE
Bibliography, etc. note Includes bibliographical references (p. 821-833) and index.
650 #0 - SUBJECT ADDED ENTRY--TOPICAL TERM
Topical term or geographic name entry element Water quality
General subdivision Mathematical models.
9 (RLIN) 3518
856 42 - ELECTRONIC LOCATION AND ACCESS
Materials specified Publisher description
Uniform Resource Identifier <a href="http://www.loc.gov/catdir/description/mh022/96015461.html">http://www.loc.gov/catdir/description/mh022/96015461.html</a>
856 41 - ELECTRONIC LOCATION AND ACCESS
Materials specified Table of contents
Uniform Resource Identifier <a href="http://www.loc.gov/catdir/toc/mh022/96015461.html">http://www.loc.gov/catdir/toc/mh022/96015461.html</a>
856 42 - ELECTRONIC LOCATION AND ACCESS
Materials specified Contributor biographical information
Uniform Resource Identifier <a href="http://www.loc.gov/catdir/enhancements/fy0737/96015461-b.html">http://www.loc.gov/catdir/enhancements/fy0737/96015461-b.html</a>
906 ## - LOCAL DATA ELEMENT F, LDF (RLIN)
a 7
b cbc
c orignew
d 1
e ocip
f 19
g y-gencatlg
942 ## - ADDED ENTRY ELEMENTS (KOHA)
Source of classification or shelving scheme
Koha item type Book
Call number prefix IESE
Holdings
Withdrawn status Lost status Source of classification or shelving scheme Damaged status Not for loan Collection code Permanent Location Current Location Shelving location Date acquired Total Checkouts Full call number Barcode Date last seen Price effective from Koha item type
            Institute of Environmental Science and Engineering (IESE) Institute of Environmental Science and Engineering (IESE) General Stacks 07/20/2017   624 CHA IESE-2381 07/20/2017 07/20/2017 Book
© 2023 Central Library, National University of Sciences and Technology. All Rights Reserved.